The Oxford Handbook of International Relations / (Record no. 11975)
[ view plain ]
| 000 -LEADER | |
|---|---|
| fixed length control field | 01440cam a2200337 a 4500 |
| 001 - CONTROL NUMBER | |
| control field | 15196607 |
| 005 - DATE AND TIME OF LATEST TRANSACTION | |
| control field | 20081112121725.0 |
| 008 - FIXED-LENGTH DATA ELEMENTS--GENERAL INFORMATION | |
| fixed length control field | 080227s2008 enk b 001 0 eng |
| 010 ## - LIBRARY OF CONGRESS CONTROL NUMBER | |
| LC control number | 2008006027 |
| 020 ## - INTERNATIONAL STANDARD BOOK NUMBER | |
| International Standard Book Number | 9780199219322 (acidfree paper) |
| 020 ## - INTERNATIONAL STANDARD BOOK NUMBER | |
| International Standard Book Number | 019921932X (acidfree paper) |
| 035 ## - SYSTEM CONTROL NUMBER | |
| System control number | (OCoLC)191929793 |
| 035 ## - SYSTEM CONTROL NUMBER | |
| System control number | (OCoLC)ocn191929793 |
| 040 ## - CATALOGING SOURCE | |
| Original cataloging agency | DLC |
| Transcribing agency | DLC |
| Modifying agency | BTCTA |
| -- | BAKER |
| -- | YDXCP |
| -- | BWKUK |
| -- | BWK |
| -- | NLGGC |
| -- | BWX |
| -- | CDX |
| -- | DLC |
| 050 00 - LIBRARY OF CONGRESS CALL NUMBER | |
| Classification number | JZ1242 |
| Item number | .O94 2008 |
| 082 00 - DEWEY DECIMAL CLASSIFICATION NUMBER | |
| Classification number | 327 |
| Edition number | 22 |
| Item number | OXF |
| 084 ## - OTHER CLASSIFICATION NUMBER | |
| Classification number | 89.70 |
| Source of number | bcl |
| 245 04 - TITLE STATEMENT | |
| Title | The Oxford Handbook of International Relations / |
| Statement of responsibility, etc | edited by Christian Reus-Smit and Duncan Snidal. |
| 246 30 - VARYING FORM OF TITLE | |
| Title proper/short title | International relations |
| 260 ## - PUBLICATION, DISTRIBUTION, ETC. (IMPRINT) | |
| Place of publication, distribution, etc | Oxford ; |
| -- | New York : |
| Name of publisher, distributor, etc | Oxford University Press, |
| Date of publication, distribution, etc | c2008. |
| 300 ## - PHYSICAL DESCRIPTION | |
| Extent | xiii, 772 p. ; |
| Dimensions | 26 cm. |
| 440 #0 - | |
| -- | Oxford handbooks of political science |
| -- | 6739 |
| 504 ## - BIBLIOGRAPHY, ETC. NOTE | |
| Bibliography, etc | Includes bibliographical references and indexes. |
| 650 #0 - SUBJECT ADDED ENTRY--TOPICAL TERM | |
| Topical term or geographic name as entry element | International relations. |
| 9 (RLIN) | 6740 |
| 650 #0 - SUBJECT ADDED ENTRY--TOPICAL TERM | |
| Topical term or geographic name as entry element | World politics. |
| 9 (RLIN) | 6741 |
| 700 1# - ADDED ENTRY--PERSONAL NAME | |
| Personal name | Reus-Smit, Christian. |
| Dates associated with a name | 1961- |
| 9 (RLIN) | 6742 |
| 700 1# - ADDED ENTRY--PERSONAL NAME | |
| Personal name | Snidal, Duncan. |
| 9 (RLIN) | 6743 |
| 942 ## - ADDED ENTRY ELEMENTS (KOHA) | |
| Source of classification or shelving scheme | Dewey Decimal Classification |
| Item type | Reference (NB) |
| Withdrawn status | Item status | Source of classification or shelving scheme | Damaged status | Not for loan | Vendor | Home library | Current library | Shelving location | Date acquired | Source of acquisition | Cost, normal purchase price | Serial Enumeration / chronology | Total Checkouts | Full call number | Barcode | Date last seen | Koha item type |
|---|---|---|---|---|---|---|---|---|---|---|---|---|---|---|---|---|---|
| Dewey Decimal Classification | Baccah | Central Library | Central Library | Ground Floor | 23/06/2009 | 560.00 | 8140 | 327 OXF | 000016926 | 15/07/2025 | Reference (NB) |